000 00363nam a2200169Ia 4500
003 0100
008 130303s9999 xx 000 0 und d
040 _cARRUPELIB
050 _aBV4012.H51949
100 _aHiltner, Seward
245 _aPastoral Counseling
260 _aNashville
260 _bAbingdon PR
260 _C1949
300 _a291p
942 0 0 _01
999 _c57046
_d57046